[Event "G5 2"]
[Site "Svendborg"]
[Date "2018.03.31"]
[Round "3"]
[White "Gottschalck, Christian"]
[Black "Sorensen, Jens Kristian"]
[Result "1/2-1/2"]
[WhiteElo "1701"]
[BlackElo "1925"]
[PlyCount "106"]
[EventDate "2018.03.29"]
[EventType "swiss"]
[EventRounds "5"]
[EventCountry "DEN"]

1. e4 d5 2. Nc3 dxe4 3. Nxe4 Bf5 4. Ng3 Bg6 5. Nf3 e6 6. d4 Nf6 7. c3 Be7 8.
Qb3 Qc8 9. Bb5+ c6 10. Be2 Nbd7 11. O-O Qc7 12. Bg5 O-O 13. Rad1 Bd6 14. Nh4
Rfe8 15. Nxg6 hxg6 16. Bd3 Rab8 17. Rde1 Nf8 18. h3 a6 19. a4 Qa5 20. Bxf6 gxf6
21. Ne4 Be7 22. f4 f5 23. Nd2 b5 24. axb5 axb5 25. Ra1 Qc7 26. g3 Ra8 27. h4 g5
28. hxg5 Bxg5 29. Kg2 Bf6 30. Nf3 Ng6 31. Ne5 Qd6 32. Qc2 Red8 33. Rxa8 Rxa8
34. Be2 Kg7 35. Bf3 Bxe5 36. fxe5 Qd7 37. Rh1 Rh8 38. Rxh8 Kxh8 39. Qd2 Kg7 40.
Qg5 Qe7 41. Qf6+ Qxf6 42. exf6+ Kxf6 43. Bxc6 b4 44. cxb4 Ne7 45. b5 Nc8 46.
Kf3 Nb6 47. b3 Ke7 48. Ke3 Kd6 49. Kd3 f6 50. Kc3 e5 51. Kd3 Nc8 52. Bb7 Nb6
53. Bc6 Nc8 1/2-1/2

[Event "G5 2"]
[Site "Svendborg"]
[Date "2018.03.31"]
[Round "3"]
[White "Onisey, Mazen"]
[Black "Clausen, Hans Jorgen"]
[Result "1-0"]
[WhiteElo "1671"]
[BlackElo "1711"]
[PlyCount "101"]
[EventDate "2018.03.29"]
[EventType "swiss"]
[EventRounds "5"]
[EventCountry "DEN"]

1. e4 b6 2. d4 e6 3. Nf3 Bb7 4. Bd3 d6 5. O-O Nd7 6. c4 g6 7. Bg5 f6 8. Bh4 Bg7
9. e5 Bxf3 10. Qxf3 dxe5 11. Qc6 Kf7 12. Be4 Rc8 13. d5 Nc5 14. dxe6+ Nxe6 15.
Bd5 Qd6 16. Qxd6 cxd6 17. Nc3 a6 18. Ne4 Ke7 19. Rad1 Nd4 20. Rfe1 Nf5 21. Bg3
Nxg3 22. hxg3 f5 23. Nxd6 Kxd6 24. Bxg8+ Ke7 25. Bd5 Rcd8 26. Re3 Rd6 27. Ra3
a5 28. c5 bxc5 29. Rxa5 Rhd8 30. Rxc5 e4 31. b4 h5 32. a4 Bc3 33. Rxc3 Rxd5 34.
Rxd5 Rxd5 35. Kf1 Rd4 36. Rb3 Rc4 37. a5 Kd6 38. b5 Kc7 39. b6+ Kb8 40. Ra3 Rb4
41. Ra2 Rb5 42. Ke2 g5 43. Ke3 Rb4 44. Kd2 f4 45. gxf4 gxf4 46. Kc3 Rb1 47. Kc4
Kb7 48. a6+ Kb8 49. Kc5 Rc1+ 50. Kd5 e3 51. a7+ 1-0

[Event "G5 2"]
[Site "Svendborg"]
[Date "2018.03.31"]
[Round "3"]
[White "Andersen, Per"]
[Black "Dithlevsen, Birgit"]
[Result "1-0"]
[WhiteElo "1669"]
[BlackElo "1495"]
[PlyCount "65"]
[EventDate "2018.03.29"]
[EventType "swiss"]
[EventRounds "5"]
[EventCountry "DEN"]

1. d4 d5 2. c4 dxc4 3. e3 Nf6 4. Bxc4 e6 5. Nc3 c6 6. Nf3 Bd6 7. O-O O-O 8. e4
Bb4 9. Bd3 Bxc3 10. bxc3 h6 11. Bd2 b6 12. e5 Ne8 13. Qc2 Kh8 14. Be3 Bb7 15.
Be4 Nd7 16. Qd2 f6 17. Bxh6 f5 18. Bg5 Qc7 19. Bd3 c5 20. Nh4 Kh7 21. Be7 Rg8
22. Qg5 g6 23. Be2 Be4 24. Nf3 Ng7 25. Qh4+ Nh5 26. Ng5+ Kh8 27. Bxh5 Rg7 28.
Bxg6+ Kg8 29. Bh7+ Kh8 30. Bxf5+ Kg8 31. Bxe6+ Rf7 32. Bxf7+ Kg7 33. Ne6+ 1-0

[Event "G5 2"]
[Site "Svendborg"]
[Date "2018.03.31"]
[Round "3"]
[White "Jepsen, Ruben"]
[Black "Hansen, Allan Hallgren"]
[Result "1/2-1/2"]
[WhiteElo "1599"]
[BlackElo "1529"]
[PlyCount "46"]
[EventDate "2018.03.29"]
[EventType "swiss"]
[EventRounds "5"]
[EventCountry "DEN"]

1. Nf3 d5 2. g3 Nf6 3. Bg2 e6 4. O-O c5 5. d3 Nc6 6. Nbd2 Be7 7. e4 d4 8. e5
Nd5 9. Re1 O-O 10. h4 f5 11. exf6 Rxf6 12. Ne4 Rf8 13. h5 e5 14. Bg5 Bg4 15.
Bxe7 Qxe7 16. h6 gxh6 17. Ned2 Rad8 18. Nf1 Rd6 19. N1h2 Bh5 20. Qe2 Nf6 21. c3
Re6 22. Qd2 e4 23. Bh3 Rd6 1/2-1/2

[Event "G5 2"]
[Site "Svendborg"]
[Date "2018.04.01"]
[Round "4"]
[White "Sorensen, Jens Kristian"]
[Black "Clausen, Hans Jorgen"]
[Result "1-0"]
[WhiteElo "1925"]
[BlackElo "1711"]
[PlyCount "83"]
[EventDate "2018.03.29"]
[EventType "swiss"]
[EventRounds "5"]
[EventCountry "DEN"]

1. d4 b6 2. e4 e6 3. Bd3 g6 4. Nf3 Bg7 5. Bg5 Ne7 6. O-O Bb7 7. Qe2 d6 8. c3
Nd7 9. Nbd2 O-O 10. Rad1 Re8 11. Rfe1 e5 12. d5 a6 13. Nc4 Nc5 14. b4 Nxd3 15.
Qxd3 Qd7 16. Qc2 f6 17. Bc1 Bc8 18. Ne3 g5 19. g4 Ng6 20. Nf5 Qf7 21. c4 Bxf5
22. exf5 Nf4 23. Bxf4 exf4 24. Nd4 Rxe1+ 25. Rxe1 Re8 26. Rxe8+ Qxe8 27. Qe2
Qe5 28. Qxe5 fxe5 29. Ne6 Bf6 30. f3 Kf7 31. Kf1 Ke7 32. Nxc7 a5 33. bxa5 bxa5
34. Ke2 Kd7 35. Ne6 h6 36. Kd3 Bh8 37. a4 Bf6 38. Ke4 Ke7 39. c5 dxc5 40. Nxc5
Kd6 41. Nb7+ Kc7 42. Nxa5 1-0

[Event "G5 2"]
[Site "Svendborg"]
[Date "2018.04.01"]
[Round "4"]
[White "Raahauge, Lars"]
[Black "Jensen, Jan Kargaard"]
[Result "1-0"]
[WhiteElo "1856"]
[BlackElo "1743"]
[PlyCount "59"]
[EventDate "2018.03.29"]
[EventType "swiss"]
[EventRounds "5"]
[EventCountry "DEN"]

1. e4 c5 2. d4 cxd4 3. c3 dxc3 4. Nxc3 Nc6 5. Nf3 e6 6. Bc4 d6 7. O-O Be7 8.
Qe2 a6 9. Rd1 Qc7 10. Bf4 b5 11. Bxb5 Bd7 12. Rac1 e5 13. Nd5 Qb7 14. Bxc6 Bxc6
15. Rxc6 Qxc6 16. Rc1 Qb7 17. Nc7+ Kf8 18. Nxa8 Qxa8 19. Qc4 Qd8 20. Qxa6 Qd7
21. Qc8+ Qe8 22. Bg5 Nf6 23. Qb7 h6 24. Rc8 Bd8 25. Qb8 Ke7 26. Bxf6+ gxf6 27.
Nh4 Qd7 28. Nf5+ Ke6 29. Qb3+ d5 30. exd5+ 1-0

[Event "G5 2"]
[Site "Svendborg"]
[Date "2018.04.01"]
[Round "4"]
[White "Bojsen, Bent"]
[Black "Moller, Birger Poul"]
[Result "1-0"]
[WhiteElo "1815"]
[BlackElo "1853"]
[PlyCount "65"]
[EventDate "2018.03.29"]
[EventType "swiss"]
[EventRounds "5"]
[EventCountry "DEN"]

1. e4 e5 2. d4 exd4 3. f4 d5 4. e5 c5 5. Nf3 Nh6 6. Be2 Be7 7. O-O O-O 8. a3
Nc6 9. Kh1 f6 10. c3 Nf5 11. b4 Be6 12. g4 Ne3 13. Bxe3 dxe3 14. f5 Bxf5 15.
gxf5 fxe5 16. b5 e4 17. bxc6 exf3 18. Rxf3 bxc6 19. Rxe3 Rxf5 20. Bd3 Rg5 21.
h4 Rg6 22. Bxg6 hxg6 23. Qg4 d4 24. Qe6+ Kh8 25. Rh3 Bf6 26. h5 g5 27. h6 dxc3
28. hxg7+ Kxg7 29. Nxc3 Bxc3 30. Qh6+ Kf7 31. Rf1+ Bf6 32. Rhf3 Qd5 33. Qxf6+
1-0

[Event "G5 2"]
[Site "Svendborg"]
[Date "2018.04.01"]
[Round "4"]
[White "Winther, Bjarke Rosenborg"]
[Black "Hansen, Soren Moller"]
[Result "0-1"]
[WhiteElo "1753"]
[BlackElo "1956"]
[PlyCount "80"]
[EventDate "2018.03.29"]
[EventType "swiss"]
[EventRounds "5"]
[EventCountry "DEN"]

1. e4 d6 2. d4 Nf6 3. Nc3 g6 4. Be3 Bg7 5. Bc4 O-O 6. Qd2 Nxe4 7. Nxe4 d5 8.
Bd3 dxe4 9. Bxe4 Nd7 10. Nf3 Nf6 11. Bd3 b6 12. Bh6 Bb7 13. Bxg7 Kxg7 14. Be2
c5 15. Rd1 Qc7 16. Qe3 Rac8 17. dxc5 Qxc5 18. Qxc5 Rxc5 19. c3 Rd5 20. O-O Rfd8
21. Nd4 R5d7 22. Nc2 Be4 23. Ne3 Nd5 24. Nxd5 Bxd5 25. b3 a5 26. c4 Be4 27.
Rxd7 Rxd7 28. Rd1 Rxd1+ 29. Bxd1 Kf6 30. f3 Bb1 31. a3 Ke5 32. b4 Kd4 33. Be2
Ba2 34. c5 bxc5 35. bxa5 c4 36. Kf1 Ke3 37. Ke1 c3 38. Bd1 Bc4 39. Bc2 f5 40.
a4 e6 0-1

[Event "G5 2"]
[Site "Svendborg"]
[Date "2018.04.01"]
[Round "4"]
[White "Jensen, Anna Hedelykke"]
[Black "Gottschalck, Christian"]
[Result "1-0"]
[WhiteElo "1809"]
[BlackElo "1701"]
[PlyCount "79"]
[EventDate "2018.03.29"]
[EventType "swiss"]
[EventRounds "5"]
[EventCountry "DEN"]

1. c4 c5 2. Nc3 Nc6 3. g3 g6 4. Bg2 Bg7 5. e3 e6 6. Nge2 Nge7 7. O-O O-O 8. d4
cxd4 9. exd4 d5 10. cxd5 exd5 11. Bg5 f6 12. Be3 Be6 13. Nf4 Bf7 14. Qb3 Na5
15. Qb5 a6 16. Qd3 g5 17. Nfe2 Bg6 18. Qd1 Nc4 19. Bc1 b5 20. b3 Nb6 21. Ba3
Re8 22. Bc5 Bf7 23. f4 Rb8 24. fxg5 fxg5 25. Qd2 Ng6 26. Rf5 h6 27. Raf1 Be6
28. R5f2 Nc8 29. Nd1 Nd6 30. Qd3 Ne7 31. Ne3 Ndf5 32. Nxf5 Nxf5 33. Rxf5 Bxf5
34. Rxf5 Qc8 35. Bxd5+ Kh8 36. Rf7 Qg4 37. Qg6 Rg8 38. Be4 Qxe4 39. Qxe4 Rbe8
40. Qd3 1-0

[Event "G5 2"]
[Site "Svendborg"]
[Date "2018.04.01"]
[Round "4"]
[White "Hansen, Allan Hallgren"]
[Black "Andersen, Per"]
[Result "1/2-1/2"]
[WhiteElo "1529"]
[BlackElo "1669"]
[PlyCount "36"]
[EventDate "2018.03.29"]
[EventType "swiss"]
[EventRounds "5"]
[EventCountry "DEN"]

1. e4 c5 2. Nf3 d6 3. Be2 Nf6 4. Nc3 Nbd7 5. O-O g6 6. d4 cxd4 7. Nxd4 Bg7 8.
Rb1 a6 9. Be3 Qc7 10. f3 b5 11. a3 Bb7 12. Qd2 O-O 13. Rfd1 Rac8 14. Nb3 Rfd8
15. Bd4 Nc5 16. Qe3 Ncd7 17. Qd2 Nc5 18. Qe3 Ncd7 1/2-1/2

[Event "G5 2"]
[Site "Svendborg"]
[Date "2018.04.01"]
[Round "4"]
[White "Pontoppidan, Erik"]
[Black "Jepsen, Ruben"]
[Result "1/2-1/2"]
[WhiteElo "1750"]
[BlackElo "1599"]
[PlyCount "54"]
[EventDate "2018.03.29"]
[EventType "swiss"]
[EventRounds "5"]
[EventCountry "DEN"]

1. d4 Nf6 2. c4 c5 3. d5 b5 4. cxb5 a6 5. bxa6 Bxa6 6. Nc3 g6 7. g3 d6 8. Bg2
Bg7 9. Nf3 O-O 10. O-O Nbd7 11. Re1 Qa5 12. e4 Ng4 13. Bd2 Rfb8 14. Qc2 Nge5
15. Nxe5 Nxe5 16. Ne2 Qb6 17. Bc3 Nd3 18. Bxg7 Kxg7 19. Qc3+ Kg8 20. Reb1 Ne5
21. Nc1 Rb7 22. a3 Qc7 23. f4 Nd7 24. e5 Rb6 25. e6 Nf6 26. exf7+ Kxf7 27. Qe3
Bc8 1/2-1/2

[Event "G5 2"]
[Site "Svendborg"]
[Date "2018.04.01"]
[Round "4"]
[White "Onisey, Mazen"]
[Black "Agger, Lars Breinholt"]
[Result "1-0"]
[WhiteElo "1671"]
[BlackElo "1824"]
[PlyCount "140"]
[EventDate "2018.03.29"]
[EventType "swiss"]
[EventRounds "5"]
[EventCountry "DEN"]

1. e4 c5 2. Nf3 d6 3. g3 Nc6 4. Bg2 g6 5. O-O Bg7 6. Nc3 Rb8 7. Nd5 e6 8. Nc3
b5 9. Ne2 Nge7 10. d4 cxd4 11. Nfxd4 Nxd4 12. Nxd4 O-O 13. Bg5 f6 14. Be3 Qc7
15. c3 e5 16. Nc2 Be6 17. Nb4 Rbd8 18. Nd5 Nxd5 19. exd5 Bd7 20. Qd2 Rf7 21. f4
Rdf8 22. Rac1 a5 23. fxe5 fxe5 24. Rxf7 Rxf7 25. b3 Qc8 26. c4 b4 27. c5 Qc7
28. c6 Bc8 29. Rf1 Bf6 30. Qf2 Bd8 31. Qe2 Rxf1+ 32. Qxf1 Qf7 33. Qc4 Qc7 34.
Bf3 Kg7 35. h4 Qf7 36. Bg4 Bxg4 37. Qxg4 Qf5 38. Qxf5 gxf5 39. Bg5 Bc7 40. h5
Kf7 41. Kf2 Ke8 42. Ke2 Bd8 43. Be3 Bc7 44. Kd3 Kd8 45. g4 fxg4 46. Ke4 Ke7 47.
Kf5 Kf7 48. Kxg4 Bd8 49. Bg5 Bb6 50. Kf5 Bc7 51. Ke4 Ke8 52. Kd3 Bd8 53. Be3
Bc7 54. Ke4 Bd8 55. Kf5 Kf7 56. Ke4 Ke8 57. Kd3 Bc7 58. Bg5 Bd8 59. Be3 Bc7 60.
Kc4 Kd8 61. Kb5 Kc8 62. Ka6 Bd8 63. Bc1 Kb8 64. a3 a4 65. axb4 axb3 66. Kb5 Bg5
67. Bb2 e4 68. Kc4 Bf6 69. Kxb3 Bxb2 70. Kxb2 e3 1-0

[Event "G5 2"]
[Site "Svendborg"]
[Date "2018.04.01"]
[Round "4"]
[White "Hansen, Erik Hedegaard"]
[Black "Olsen, Birger"]
[Result "1/2-1/2"]
[WhiteElo "1705"]
[BlackElo "1898"]
[PlyCount "54"]
[EventDate "2018.03.29"]
[EventType "swiss"]
[EventRounds "5"]
[EventCountry "DEN"]

1. d4 Nf6 2. c4 g6 3. Nc3 Bg7 4. e4 d6 5. Nf3 O-O 6. Be2 Nbd7 7. O-O e5 8. d5
a5 9. h3 Nc5 10. Be3 Nfxe4 11. Nxe4 Nxe4 12. Qc1 f5 13. Bh6 f4 14. Bxg7 Kxg7
15. a3 b6 16. b4 Ng5 17. Nxg5 Qxg5 18. Qc3 Bf5 19. c5 Be4 20. Bf3 Bxf3 21. Qxf3
axb4 22. axb4 bxc5 23. bxc5 dxc5 24. Rxa8 Rxa8 25. d6 Qd8 26. dxc7 Qc8 27. Qd5
Ra7 1/2-1/2

[Event "G5 2"]
[Site "Svendborg"]
[Date "2018.04.01"]
[Round "4"]
[White "Dithlevsen, Birgit"]
[Black "Vejlstrup, Dennis"]
[Result "1/2-1/2"]
[WhiteElo "1495"]
[BlackElo "1533"]
[PlyCount "43"]
[EventDate "2018.03.29"]
[EventType "swiss"]
[EventRounds "5"]
[EventCountry "DEN"]

1. d4 Nf6 2. Nc3 e6 3. Nf3 Bb4 4. Bd2 b6 5. a3 Bxc3 6. Bxc3 Ne4 7. Qd3 Bb7 8.
Qe3 Nxc3 9. Qxc3 O-O 10. Qd3 f5 11. h4 Qf6 12. c3 d6 13. Rh2 Nd7 14. O-O-O e5
15. Qc4+ Rf7 16. Ng5 Rc8 17. Nxf7 Qxf7 18. Qxf7+ Kxf7 19. dxe5 Nxe5 20. f4 Ng4
21. Rh3 Nf2 22. Re3 1/2-1/2

[Event "G5 2"]
[Site "Svendborg"]
[Date "2018.04.02"]
[Round "5"]
[White "Hansen, Soren Moller"]
[Black "Moller, Birger Poul"]
[Result "0-1"]
[WhiteElo "1956"]
[BlackElo "1853"]
[PlyCount "82"]
[EventDate "2018.03.29"]
[EventType "swiss"]
[EventRounds "5"]
[EventCountry "DEN"]

1. d4 f5 2. Nf3 Nf6 3. g3 e6 4. Bg2 d5 5. O-O c6 6. c4 Bd6 7. Nc3 O-O 8. Rb1
Nbd7 9. cxd5 cxd5 10. e3 Ne4 11. Nxe4 fxe4 12. Nd2 Nf6 13. f3 exf3 14. Bxf3 Bd7
15. e4 Qb6 16. Nb3 Nxe4 17. Be3 Bb5 18. Be2 Rxf1+ 19. Bxf1 Bxf1 20. Qxf1 Rf8
21. Qh3 Be7 22. Rc1 Bf6 23. Nc5 Nxc5 24. dxc5 Qc6 25. b4 d4 26. Bd2 e5 27. Qf5
a6 28. Re1 Qc8 29. Qe4 Qc6 30. Qxc6 bxc6 31. Kg2 Kf7 32. Kf3 Ke6 33. Ke4 Bd8
34. Re2 Rf1 35. Be1 g5 36. a4 g4 37. a5 Bg5 38. Bf2 Rb1 39. Kd3 Rxb4 40. Re4 h5
41. Bxd4 Rxd4+ 0-1

[Event "G5 2"]
[Site "Svendborg"]
[Date "2018.04.02"]
[Round "5"]
[White "Raahauge, Lars"]
[Black "Bojsen, Bent"]
[Result "1-0"]
[WhiteElo "1856"]
[BlackElo "1815"]
[PlyCount "45"]
[EventDate "2018.03.29"]
[EventType "swiss"]
[EventRounds "5"]
[EventCountry "DEN"]

1. e4 c5 2. Nf3 d6 3. d4 cxd4 4. Nxd4 Nf6 5. Nc3 a6 6. a4 e6 7. Be3 Be7 8. Be2
Qc7 9. O-O O-O 10. f4 Rd8 11. Qe1 Nbd7 12. Qf2 Nc5 13. Bf3 d5 14. e5 Nfe4 15.
Bxe4 Nxe4 16. Nxe4 dxe4 17. Rad1 Bd7 18. b3 Rab8 19. c4 Bc6 20. f5 exf5 21.
Qxf5 Bc5 22. e6 f6 23. Qxc5 1-0

[Event "G5 2"]
[Site "Svendborg"]
[Date "2018.04.02"]
[Round "5"]
[White "Olsen, Birger"]
[Black "Hansen, Allan Hallgren"]
[Result "1/2-1/2"]
[WhiteElo "1898"]
[BlackElo "1529"]
[PlyCount "51"]
[EventDate "2018.03.29"]
[EventType "swiss"]
[EventRounds "5"]
[EventCountry "DEN"]

1. b3 d5 2. Bb2 c5 3. e3 Nc6 4. f4 e6 5. Nf3 Nf6 6. Bb5 Bd7 7. O-O Be7 8. Nc3
O-O 9. Ne2 a6 10. Bxc6 Bxc6 11. Ne5 Bb5 12. a4 Bxe2 13. Qxe2 Rc8 14. Rac1 Qb6
15. d3 Rfd8 16. f5 Rd6 17. g4 d4 18. exd4 cxd4 19. Ba3 Qc7 20. Bxd6 Bxd6 21.
Nc4 Bf4 22. Rce1 b5 23. axb5 axb5 24. Na3 Be3+ 25. Kg2 Qc5 26. Ra1 1/2-1/2

[Event "G5 2"]
[Site "Svendborg"]
[Date "2018.04.02"]
[Round "5"]
[White "Agger, Lars Breinholt"]
[Black "Jensen, Anna Hedelykke"]
[Result "1/2-1/2"]
[WhiteElo "1824"]
[BlackElo "1809"]
[PlyCount "43"]
[EventDate "2018.03.29"]
[EventType "swiss"]
[EventRounds "5"]
[EventCountry "DEN"]

1. e4 c6 2. d4 d5 3. Nc3 dxe4 4. Nxe4 Nf6 5. Nxf6+ gxf6 6. Bc4 Bf5 7. Be3 e6 8.
Qd2 Rg8 9. f3 Bd6 10. g4 Bg6 11. O-O-O Qc7 12. h4 h5 13. Ne2 Nd7 14. Nf4 hxg4
15. fxg4 Be4 16. Rhg1 Bf3 17. Nxe6 fxe6 18. Bxe6 Bxd1 19. Bxg8 O-O-O 20. Be6
Bf3 21. Qf2 Bd5 22. Qxf6 1/2-1/2

[Event "G5 2"]
[Site "Svendborg"]
[Date "2018.04.02"]
[Round "5"]
[White "Schmidt, Kim"]
[Black "Onisey, Mazen"]
[Result "0-1"]
[WhiteElo "1758"]
[BlackElo "1671"]
[PlyCount "106"]
[EventDate "2018.03.29"]
[EventType "swiss"]
[EventRounds "5"]
[EventCountry "DEN"]

1. d4 Nf6 2. c4 g6 3. Nf3 Bg7 4. Nc3 d5 5. e3 O-O 6. Qb3 c6 7. Be2 dxc4 8. Bxc4
Nbd7 9. Ng5 Qe8 10. O-O Nb6 11. Be2 e5 12. dxe5 Qxe5 13. Nf3 Qc7 14. Re1 Be6
15. Qc2 Nbd5 16. Bd2 Rad8 17. a3 Rd7 18. Rac1 Rfd8 19. Na4 Bf5 20. Qb3 Ne4 21.
Nc5 Nxc5 22. Rxc5 b6 23. Rcc1 Qb7 24. Red1 c5 25. Be1 Be6 26. Qc2 Ne7 27. Rxd7
Rxd7 28. Bc3 Bxc3 29. Qxc3 Rd6 30. Rd1 Rxd1+ 31. Bxd1 Qd5 32. Qd2 Nc6 33. Qxd5
Bxd5 34. Nd2 Ne5 35. Be2 f5 36. h3 Kf7 37. f4 Nd7 38. g4 Bc6 39. g5 b5 40. Kf2
c4 41. Bf3 Bxf3 42. Kxf3 Nc5 43. Ke2 Na4 44. b4 Ke6 45. h4 Nc3+ 46. Kf2 Ne4+
47. Ke1 Nxd2 48. Kxd2 Kd5 49. Ke1 Ke4 50. Kd2 Kf3 51. a4 a6 52. a5 Ke4 53. Ke2
c3 0-1

[Event "G5 2"]
[Site "Svendborg"]
[Date "2018.04.02"]
[Round "5"]
[White "Jensen, Jan Kargaard"]
[Black "Hansen, Aksel"]
[Result "1/2-1/2"]
[WhiteElo "1743"]
[BlackElo "1816"]
[PlyCount "65"]
[EventDate "2018.03.29"]
[EventType "swiss"]
[EventRounds "5"]
[EventCountry "DEN"]

1. c4 g6 2. d4 Bg7 3. Nc3 Nf6 4. Nf3 d5 5. Bf4 O-O 6. e3 c6 7. cxd5 Nxd5 8.
Nxd5 cxd5 9. Be2 Nc6 10. O-O Re8 11. Rc1 e5 12. dxe5 Bxe5 13. Nxe5 Nxe5 14.
Bxe5 Rxe5 15. Qd4 Re4 16. Qc5 Be6 17. Qc7 Qxc7 18. Rxc7 Rb4 19. b3 a5 20. g3
Rd8 21. Rd1 a4 22. Rd4 Rxd4 23. exd4 axb3 24. axb3 Ra8 25. Rxb7 Ra2 26. Bb5 Bh3
27. f4 Rd2 28. Bd7 Bxd7 29. Rxd7 Rxd4 30. Kg2 Rb4 31. Rxd5 Rxb3 32. f5 Kg7 33.
fxg6 1/2-1/2

[Event "G5 2"]
[Site "Svendborg"]
[Date "2018.04.02"]
[Round "5"]
[White "Clausen, Hans Jorgen"]
[Black "Dithlevsen, Birgit"]
[Result "1/2-1/2"]
[WhiteElo "1711"]
[BlackElo "1495"]
[PlyCount "27"]
[EventDate "2018.03.29"]
[EventType "swiss"]
[EventRounds "5"]
[EventCountry "DEN"]

1. d4 d5 2. Nf3 Nc6 3. e3 Bd7 4. c4 dxc4 5. Bxc4 Nf6 6. Nc3 Na5 7. Be2 b6 8. b4
Nb7 9. Bb2 e6 10. a3 Nd6 11. O-O Be7 12. Qc2 O-O 13. e4 Nde8 14. Ne5 1/2-1/2

[Event "G5 2"]
[Site "Svendborg"]
[Date "2018.04.02"]
[Round "5"]
[White "Hansen, Erik Hedegaard"]
[Black "Sorensen, Jens Kristian"]
[Result "0-1"]
[WhiteElo "1705"]
[BlackElo "1925"]
[PlyCount "158"]
[EventDate "2018.03.29"]
[EventType "swiss"]
[EventRounds "5"]
[EventCountry "DEN"]

1. d4 Nf6 2. c4 d6 3. Nc3 Nbd7 4. Nf3 e5 5. dxe5 dxe5 6. g3 c6 7. Bg2 Qc7 8.
O-O Be7 9. Qc2 O-O 10. b3 Re8 11. Bb2 Nf8 12. Rad1 Ng6 13. Rd2 Bc5 14. e3 Bg4
15. Ne4 Nxe4 16. Qxe4 f5 17. Qc2 Rad8 18. Qc3 Rxd2 19. Nxd2 Qe7 20. Bf3 Bb4 21.
Qc2 Rd8 22. Bc3 Rxd2 23. Bxd2 Bxf3 24. Bxb4 Qxb4 25. Qxf5 Qf8 26. Qd7 c5 27. e4
b6 28. Re1 h5 29. Re3 Bg4 30. Qxa7 Qd6 31. Qa8+ Kh7 32. Qd5 Qf6 33. Rd3 Be2 34.
Re3 Bg4 35. Rd3 Bh3 36. Qd6 Qg5 37. Qd8 Qc1+ 38. Rd1 Qc2 39. Re1 Qc3 40. Qd1
Bg4 41. Qc1 Qf3 42. Qe3 Qf6 43. Qd2 Ne7 44. Qd8 Nc6 45. Qxf6 gxf6 46. Re3 Nd4
47. a3 Kg7 48. b4 Be6 49. bxc5 bxc5 50. f4 Bxc4 51. Kf2 Bb3 52. Rc3 c4 53. a4
Nc6 54. Ke3 Kf7 55. h3 Ke6 56. Rc1 Kd6 57. g4 hxg4 58. hxg4 Kc5 59. g5 exf4+
60. Kxf4 fxg5+ 61. Kxg5 Bxa4 62. Kf6 Kd4 63. e5 Nxe5 64. Rh1 Nd3 65. Rh4+ Kc3
66. Kf5 Bb3 67. Ke4 Nf2+ 68. Ke3 Nd1+ 69. Ke2 Nb2 70. Rh3+ Kc2 71. Ke3 Nd1+ 72.
Kd4 Nb2 73. Rh2+ Kb1 74. Rh1+ Ka2 75. Kc3 Na4+ 76. Kd2 Kb2 77. Ke3 c3 78. Rh2+
c2 79. Kd3 Kb1 0-1

[Event "G5 2"]
[Site "Svendborg"]
[Date "2018.04.02"]
[Round "5"]
[White "Andersen, Per"]
[Black "Pontoppidan, Erik"]
[Result "1-0"]
[WhiteElo "1669"]
[BlackElo "1750"]
[PlyCount "85"]
[EventDate "2018.03.29"]
[EventType "swiss"]
[EventRounds "5"]
[EventCountry "DEN"]

1. d4 Nf6 2. c4 g6 3. Nc3 Bg7 4. e4 d6 5. Nf3 O-O 6. Be2 Nbd7 7. O-O e5 8. d5
Nc5 9. Qc2 a5 10. Be3 Ne8 11. Nd2 f5 12. f3 f4 13. Bf2 Nf6 14. a3 Bd7 15. b4
axb4 16. axb4 Na6 17. Rfb1 c6 18. dxc6 bxc6 19. c5 Bc8 20. cxd6 Qxd6 21. b5 Nb4
22. Qb3+ Be6 23. Bc4 Rxa1 24. Bxe6+ Kh8 25. Rxa1 Nd3 26. Ncb1 Nxf2 27. bxc6 Nd3
28. Qc4 Ne8 29. Bd5 Nb4 30. Ra7 Nxd5 31. Qxd5 Qb8 32. Qa5 Nd6 33. c7 Qb2 34.
Qc5 Qd4+ 35. Qxd4 exd4 36. Na3 Rc8 37. Ndc4 Nxc4 38. Nxc4 d3 39. Kf1 Bd4 40.
Rb7 Kg7 41. Nd6 Bc3 42. Nxc8 d2 43. Ke2 1-0

[Event "G5 2"]
[Site "Svendborg"]
[Date "2018.04.02"]
[Round "5"]
[White "Jepsen, Ruben"]
[Black "Winther, Bjarke Rosenborg"]
[Result "0-1"]
[WhiteElo "1599"]
[BlackElo "1753"]
[PlyCount "66"]
[EventDate "2018.03.29"]
[EventType "swiss"]
[EventRounds "5"]
[EventCountry "DEN"]

1. Nf3 Nf6 2. g3 d5 3. Bg2 c6 4. O-O Bf5 5. d3 Nbd7 6. Nbd2 h6 7. b3 e6 8. Bb2
Qc7 9. Qe1 Be7 10. e4 dxe4 11. dxe4 Bh7 12. e5 Nd5 13. Rc1 Nb4 14. Ne4 Bxe4 15.
Qxe4 Nxa2 16. Rcd1 Nb4 17. Rd2 Nd5 18. Rfd1 Rd8 19. Qg4 O-O 20. c4 Nb4 21. Re1
Nc5 22. Nd4 Ncd3 23. Ree2 Nxb2 24. Rxb2 Bc5 25. Rbd2 Qb6 26. Nxe6 fxe6 27.
Qxe6+ Kh8 28. Rxd8 Qxd8 29. Qg6 Qd1+ 30. Bf1 Qd4 31. Qe4 Qxe4 32. Rxe4 Rxf2 33.
Rf4 Rxf4+ 0-1

[Event "G5 2"]
[Site "Svendborg"]
[Date "2018.04.02"]
[Round "5"]
[White "Vejlstrup, Dennis"]
[Black "Gottschalck, Christian"]
[Result "0-1"]
[WhiteElo "1533"]
[BlackElo "1701"]
[PlyCount "64"]
[EventDate "2018.03.29"]
[EventType "swiss"]
[EventRounds "5"]
[EventCountry "DEN"]

1. c4 Nc6 2. Nc3 e5 3. Nf3 Nf6 4. d3 h6 5. a3 a5 6. Bd2 d5 7. cxd5 Nxd5 8. Rc1
Be7 9. Ne4 O-O 10. h3 Nf6 11. Nxf6+ Bxf6 12. Qc2 Re8 13. e4 Re7 14. Bc3 Nd4 15.
Bxd4 exd4 16. Be2 Ra6 17. O-O Rae6 18. Qb1 b6 19. b4 axb4 20. Qxb4 c5 21. Qb2
Ba6 22. Nd2 Be5 23. f4 Bc7 24. Qc2 Bc8 25. Nf3 Bxf4 26. Rb1 Be3+ 27. Kh1 Rg6
28. Nh4 Rg3 29. Rxb6 Qxb6 30. Nf5 Bxf5 31. Rxf5 Qg6 32. Bf3 Rxh3+ 0-1